<?xml version="1.0" encoding="UTF-8"?>
<collection xmlns="http://www.loc.gov/MARC21/slim">
 <record>
  <leader>04864cam a2200877 c 4500</leader>
  <controlfield tag="001">314715460</controlfield>
  <controlfield tag="003">DE-627</controlfield>
  <controlfield tag="005">20260222171500.0</controlfield>
  <controlfield tag="007">tu</controlfield>
  <controlfield tag="008">000620s2000    gw |||||      00| ||ger c</controlfield>
  <datafield tag="015" ind1=" " ind2=" ">
   <subfield code="a">00,N24,0506</subfield>
   <subfield code="2">dnb</subfield>
  </datafield>
  <datafield tag="015" ind1=" " ind2=" ">
   <subfield code="a">00,A36,1094</subfield>
   <subfield code="2">dnb</subfield>
  </datafield>
  <datafield tag="016" ind1="7" ind2=" ">
   <subfield code="a">95905734X</subfield>
   <subfield code="2">DE-101</subfield>
  </datafield>
  <datafield tag="020" ind1=" " ind2=" ">
   <subfield code="a">3422062645</subfield>
   <subfield code="q">(Gewebe)</subfield>
  </datafield>
  <datafield tag="035" ind1=" " ind2=" ">
   <subfield code="a">(DE-627)314715460</subfield>
  </datafield>
  <datafield tag="035" ind1=" " ind2=" ">
   <subfield code="a">(DE-603)091523958</subfield>
  </datafield>
  <datafield tag="035" ind1=" " ind2=" ">
   <subfield code="a">(DE-576)08378716X</subfield>
  </datafield>
  <datafield tag="035" ind1=" " ind2=" ">
   <subfield code="a">(DE-599)DNB95905734X</subfield>
  </datafield>
  <datafield tag="035" ind1=" " ind2=" ">
   <subfield code="a">(OCoLC)231854933</subfield>
  </datafield>
  <datafield tag="035" ind1=" " ind2=" ">
   <subfield code="a">(OCoLC)1072458002</subfield>
  </datafield>
  <datafield tag="035" ind1=" " ind2=" ">
   <subfield code="a">(OCoLC)313778961</subfield>
  </datafield>
  <datafield tag="040" ind1=" " ind2=" ">
   <subfield code="a">DE-627</subfield>
   <subfield code="b">ger</subfield>
   <subfield code="c">DE-627</subfield>
   <subfield code="e">rda</subfield>
  </datafield>
  <datafield tag="041" ind1=" " ind2=" ">
   <subfield code="a">ger</subfield>
   <subfield code="a">fre</subfield>
  </datafield>
  <datafield tag="044" ind1=" " ind2=" ">
   <subfield code="c">XA-DE</subfield>
   <subfield code="c">XA-FR</subfield>
  </datafield>
  <datafield tag="050" ind1=" " ind2="0">
   <subfield code="a">NA1053.P528</subfield>
  </datafield>
  <datafield tag="084" ind1=" " ind2=" ">
   <subfield code="a">45</subfield>
   <subfield code="2">sdnb</subfield>
  </datafield>
  <datafield tag="084" ind1=" " ind2=" ">
   <subfield code="a">9,10</subfield>
   <subfield code="2">ssgn</subfield>
  </datafield>
  <datafield tag="084" ind1=" " ind2=" ">
   <subfield code="a">ND 7240</subfield>
   <subfield code="2">rvk</subfield>
   <subfield code="0">(DE-625)rvk/125123:</subfield>
  </datafield>
  <datafield tag="084" ind1=" " ind2=" ">
   <subfield code="a">LI 66095</subfield>
   <subfield code="2">rvk</subfield>
   <subfield code="0">(DE-625)rvk/96809:</subfield>
  </datafield>
  <datafield tag="084" ind1=" " ind2=" ">
   <subfield code="a">21.60</subfield>
   <subfield code="2">bkl</subfield>
  </datafield>
  <datafield tag="084" ind1=" " ind2=" ">
   <subfield code="a">56.63</subfield>
   <subfield code="2">bkl</subfield>
  </datafield>
  <datafield tag="084" ind1=" " ind2=" ">
   <subfield code="a">15.12</subfield>
   <subfield code="2">bkl</subfield>
  </datafield>
  <datafield tag="100" ind1="1" ind2=" ">
   <subfield code="a">Petzet, Michael</subfield>
   <subfield code="d">1933-2019</subfield>
   <subfield code="e">VerfasserIn</subfield>
   <subfield code="0">(DE-588)119122162</subfield>
   <subfield code="0">(DE-627)079916627</subfield>
   <subfield code="0">(DE-576)162535031</subfield>
   <subfield code="4">aut</subfield>
  </datafield>
  <datafield tag="245" ind1="1" ind2="0">
   <subfield code="a">Claude Perrault und die Architektur des Sonnenkönigs</subfield>
   <subfield code="b">der Louvre König Ludwigs XIV. und das Werk Claude Perraults</subfield>
   <subfield code="c">Michael Petzet. [Eine Veröffentlichung des Deutschen Forums für Kunstgeschichte. Centre allemand d'historie de l'art, Paris]</subfield>
  </datafield>
  <datafield tag="264" ind1=" " ind2="1">
   <subfield code="a">München</subfield>
   <subfield code="a">Berlin</subfield>
   <subfield code="b">Deutscher Kunstverlag</subfield>
   <subfield code="c">c 2000</subfield>
  </datafield>
  <datafield tag="300" ind1=" " ind2=" ">
   <subfield code="a">XII, 596 Seiten</subfield>
   <subfield code="b">Illustrationen, Pläne</subfield>
   <subfield code="c">4[grad]</subfield>
  </datafield>
  <datafield tag="336" ind1=" " ind2=" ">
   <subfield code="a">Text</subfield>
   <subfield code="b">txt</subfield>
   <subfield code="2">rdacontent</subfield>
  </datafield>
  <datafield tag="336" ind1=" " ind2=" ">
   <subfield code="a">unbewegtes Bild</subfield>
   <subfield code="b">sti</subfield>
   <subfield code="2">rdacontent</subfield>
  </datafield>
  <datafield tag="337" ind1=" " ind2=" ">
   <subfield code="a">ohne Hilfsmittel zu benutzen</subfield>
   <subfield code="b">n</subfield>
   <subfield code="2">rdamedia</subfield>
  </datafield>
  <datafield tag="338" ind1=" " ind2=" ">
   <subfield code="a">Band</subfield>
   <subfield code="b">nc</subfield>
   <subfield code="2">rdacarrier</subfield>
  </datafield>
  <datafield tag="500" ind1=" " ind2=" ">
   <subfield code="a">Literaturverzeichnis: Seite 553-554</subfield>
  </datafield>
  <datafield tag="505" ind1="8" ind2=" ">
   <subfield code="a">Literaturverz. S. 553 - 554</subfield>
  </datafield>
  <datafield tag="583" ind1="1" ind2=" ">
   <subfield code="a">Archivierung/Langzeitarchivierung gewährleistet</subfield>
   <subfield code="f">SSG</subfield>
   <subfield code="x">XA-DE-BW</subfield>
   <subfield code="2">pdager</subfield>
   <subfield code="5">DE-16</subfield>
  </datafield>
  <datafield tag="583" ind1="1" ind2=" ">
   <subfield code="a">Archivierung/Langzeitarchivierung gewährleistet</subfield>
   <subfield code="f">SLG</subfield>
   <subfield code="z">Frankreichforschung</subfield>
   <subfield code="2">pdager</subfield>
   <subfield code="5">DE-77</subfield>
  </datafield>
  <datafield tag="600" ind1="1" ind2="7">
   <subfield code="0">(DE-588)118740016</subfield>
   <subfield code="0">(DE-627)133860108</subfield>
   <subfield code="0">(DE-576)16577603X</subfield>
   <subfield code="a">Perrault, Claude</subfield>
   <subfield code="d">1613-1688</subfield>
   <subfield code="2">gnd</subfield>
  </datafield>
  <datafield tag="650" ind1="0" ind2="7">
   <subfield code="0">(DE-588)4002851-3</subfield>
   <subfield code="0">(DE-627)104280352</subfield>
   <subfield code="0">(DE-576)208848975</subfield>
   <subfield code="a">Architektur</subfield>
   <subfield code="2">gnd</subfield>
  </datafield>
  <datafield tag="651" ind1=" " ind2="7">
   <subfield code="0">(DE-588)4075873-4</subfield>
   <subfield code="0">(DE-627)106084607</subfield>
   <subfield code="0">(DE-576)20919989X</subfield>
   <subfield code="a">Louvre</subfield>
   <subfield code="g">Paris</subfield>
   <subfield code="2">gnd</subfield>
  </datafield>
  <datafield tag="689" ind1="0" ind2="0">
   <subfield code="d">p</subfield>
   <subfield code="0">(DE-588)118740016</subfield>
   <subfield code="0">(DE-627)133860108</subfield>
   <subfield code="0">(DE-576)16577603X</subfield>
   <subfield code="a">Perrault, Claude</subfield>
   <subfield code="d">1613-1688</subfield>
   <subfield code="2">gnd</subfield>
  </datafield>
  <datafield tag="689" ind1="0" ind2="1">
   <subfield code="d">s</subfield>
   <subfield code="0">(DE-588)4002851-3</subfield>
   <subfield code="0">(DE-627)104280352</subfield>
   <subfield code="0">(DE-576)208848975</subfield>
   <subfield code="a">Architektur</subfield>
   <subfield code="2">gnd</subfield>
  </datafield>
  <datafield tag="689" ind1="0" ind2="2">
   <subfield code="d">p</subfield>
   <subfield code="0">(DE-588)118816829</subfield>
   <subfield code="0">(DE-627)13537507X</subfield>
   <subfield code="0">(DE-576)162040105</subfield>
   <subfield code="a">Ludwig</subfield>
   <subfield code="b">XIV.</subfield>
   <subfield code="c">Frankreich, König</subfield>
   <subfield code="d">1638-1715</subfield>
   <subfield code="2">gnd</subfield>
  </datafield>
  <datafield tag="689" ind1="0" ind2=" ">
   <subfield code="5">DE-101</subfield>
  </datafield>
  <datafield tag="700" ind1="1" ind2=" ">
   <subfield code="a">Perrault, Claude</subfield>
   <subfield code="d">1613-1688</subfield>
   <subfield code="e">ArchitektIn</subfield>
   <subfield code="0">(DE-588)118740016</subfield>
   <subfield code="0">(DE-627)133860108</subfield>
   <subfield code="0">(DE-576)16577603X</subfield>
   <subfield code="4">arc</subfield>
  </datafield>
  <datafield tag="710" ind1="2" ind2=" ">
   <subfield code="a">Deutsches Forum für Kunstgeschichte Paris</subfield>
   <subfield code="e">Herausgebendes Organ</subfield>
   <subfield code="0">(DE-588)10000955-4</subfield>
   <subfield code="0">(DE-627)318908778</subfield>
   <subfield code="0">(DE-576)197995578</subfield>
   <subfield code="4">isb</subfield>
  </datafield>
  <datafield tag="710" ind1="2" ind2=" ">
   <subfield code="a">Deutscher Kunstverlag</subfield>
   <subfield code="e">Verlag</subfield>
   <subfield code="0">(DE-588)16068161-3</subfield>
   <subfield code="0">(DE-627)627323898</subfield>
   <subfield code="0">(DE-576)323874908</subfield>
   <subfield code="4">pbl</subfield>
  </datafield>
  <datafield tag="787" ind1="0" ind2="8">
   <subfield code="i">Rezensiert in</subfield>
   <subfield code="a">Hesse, Michael, 1951 - 2024</subfield>
   <subfield code="t">[Rezension von: Michael Petzet, Claude Perrault und die Architektur des Sonnenkönigs]</subfield>
   <subfield code="d">2001</subfield>
   <subfield code="w">(DE-627)1921634162</subfield>
  </datafield>
  <datafield tag="787" ind1="0" ind2="8">
   <subfield code="i">Rezensiert in</subfield>
   <subfield code="a">Ziegler, Hendrik, 1968 - </subfield>
   <subfield code="t">[Rezension von: Michael Petzet, Claude Perrault und die Architektur des Sonnenkönigs. Der Louvre König Ludwigs XIV. und das Werk Claude Perraults]</subfield>
   <subfield code="d">Sigmaringen : Jan Thorbecke Verlag, 2002</subfield>
   <subfield code="w">(DE-627)1679321447</subfield>
  </datafield>
  <datafield tag="856" ind1="4" ind2="2">
   <subfield code="u">http://www.gbv.de/dms/bs/toc/314715460.pdf</subfield>
   <subfield code="m">V:DE-601</subfield>
   <subfield code="m">B:DE-84</subfield>
   <subfield code="q">pdf/application</subfield>
   <subfield code="x">Verlag</subfield>
   <subfield code="y">Inhaltsverzeichnis</subfield>
   <subfield code="3">Inhaltsverzeichnis</subfield>
   <subfield code="7">1</subfield>
  </datafield>
  <datafield tag="856" ind1="4" ind2="2">
   <subfield code="u">https://swbplus.bsz-bw.de/bsz08378716xrez.htm</subfield>
   <subfield code="m">V:DE-576</subfield>
   <subfield code="v">2005-09-19</subfield>
   <subfield code="3">Rezension</subfield>
   <subfield code="7">1</subfield>
  </datafield>
  <datafield tag="856" ind1="4" ind2="2">
   <subfield code="u">http://scans.hebis.de/HEBCGI/show.pl?09152395_rez.pdf</subfield>
   <subfield code="m">V:DE-576</subfield>
   <subfield code="q">application/pdf</subfield>
   <subfield code="3">Rezension</subfield>
   <subfield code="7">1</subfield>
  </datafield>
  <datafield tag="856" ind1="4" ind2="2">
   <subfield code="u">http://scans.hebis.de/HEBCGI/show.pl?09152395_toc.pdf</subfield>
   <subfield code="m">V:DE-605</subfield>
   <subfield code="q">application/pdf</subfield>
   <subfield code="3">Inhaltsverzeichnis</subfield>
   <subfield code="7">1</subfield>
  </datafield>
  <datafield tag="889" ind1=" " ind2=" ">
   <subfield code="w">(DE-627)328625000</subfield>
  </datafield>
  <datafield tag="935" ind1=" " ind2=" ">
   <subfield code="a">BGTS</subfield>
   <subfield code="a">MZFRA</subfield>
  </datafield>
  <datafield tag="935" ind1=" " ind2=" ">
   <subfield code="i">Blocktest</subfield>
  </datafield>
  <datafield tag="936" ind1="r" ind2="v">
   <subfield code="a">ND 7240</subfield>
   <subfield code="b">Allgemeines</subfield>
   <subfield code="k">Geschichte</subfield>
   <subfield code="k">Historische Hilfswissenschaften</subfield>
   <subfield code="k">Genealogie und Familiengeschichte</subfield>
   <subfield code="k">Allgemeines</subfield>
   <subfield code="0">(DE-627)1271448459</subfield>
   <subfield code="0">(DE-625)rvk/125123:</subfield>
   <subfield code="0">(DE-576)201448459</subfield>
  </datafield>
  <datafield tag="936" ind1="r" ind2="v">
   <subfield code="a">LI 66095</subfield>
   <subfield code="b">Perrault, Claude</subfield>
   <subfield code="k">Kunstgeschichte</subfield>
   <subfield code="k">Künstler-Monografien</subfield>
   <subfield code="k">Alphabetische Künstlerliste</subfield>
   <subfield code="k">Künstler P</subfield>
   <subfield code="k">Perrault, Claude</subfield>
   <subfield code="0">(DE-627)1270701355</subfield>
   <subfield code="0">(DE-625)rvk/96809:</subfield>
   <subfield code="0">(DE-576)200701355</subfield>
  </datafield>
  <datafield tag="936" ind1="b" ind2="k">
   <subfield code="a">21.60</subfield>
   <subfield code="j">Baugeschichte: Allgemeines</subfield>
   <subfield code="0">(DE-627)106421247</subfield>
  </datafield>
  <datafield tag="936" ind1="b" ind2="k">
   <subfield code="a">56.63</subfield>
   <subfield code="j">Architekten</subfield>
   <subfield code="j">Baumeister</subfield>
   <subfield code="0">(DE-627)106403842</subfield>
  </datafield>
  <datafield tag="936" ind1="b" ind2="k">
   <subfield code="a">15.12</subfield>
   <subfield code="j">Genealogie</subfield>
   <subfield code="j">Heraldik</subfield>
   <subfield code="q">coli-conc RVK-&gt;BK</subfield>
   <subfield code="q">https://coli-conc.gbv.de/api/mappings/3c732f8f-b22f-4746-9c4a-27c9e961a8fd</subfield>
   <subfield code="0">(DE-627)10640458X</subfield>
  </datafield>
  <datafield tag="936" ind1="s" ind2="n">
   <subfield code="a">l300</subfield>
   <subfield code="2">mzub</subfield>
  </datafield>
  <datafield tag="936" ind1="s" ind2="n">
   <subfield code="a">z210</subfield>
   <subfield code="2">mzub</subfield>
  </datafield>
  <datafield tag="951" ind1=" " ind2=" ">
   <subfield code="a">BO</subfield>
  </datafield>
  <datafield tag="990" ind1=" " ind2=" ">
   <subfield code="a">Perrault, Claude</subfield>
  </datafield>
  <datafield tag="990" ind1=" " ind2=" ">
   <subfield code="a">Architektur</subfield>
  </datafield>
  <datafield tag="990" ind1=" " ind2=" ">
   <subfield code="a">Ludwig &lt;XIV., Frankreich, König&gt; </subfield>
  </datafield>
  <datafield tag="991" ind1=" " ind2=" ">
   <subfield code="a">Rezensiertes Werk</subfield>
  </datafield>
  <datafield tag="999" ind1=" " ind2=" ">
   <subfield code="a">KXP-PPN314715460</subfield>
   <subfield code="e">492747917X</subfield>
  </datafield>
 </record>
</collection>
